| 000 | 00562nam a2200181Ia 4500 | ||
|---|---|---|---|
| 008 | 100917s9999 xx 000 0 und d | ||
| 082 | _b63690 | ||
| 100 | _aइनामदार हे. वि. | ||
| 245 | _aसंत एकनाथ दर्शन | ||
| 260 |
_bकॉन्टिनंेटल प्रकाशन _c1983 |
||
| 300 | _a360 | ||
| 365 | _b50 | ||
| 520 | _aनिबंध | ||
| 630 | _aसंत एकनाथ दर्शन | ||
| 650 | _aनिबंध | ||
| 730 | _aसंत एकनाथ दर्शन | ||
| 942 | _cBOOK | ||
| 999 |
_c669084 _d669081 |
||